| 000 | 00353nam a2200133 a 4500 | ||
|---|---|---|---|
| 005 | 20140412111224.0 | ||
| 008 | 091205s19uu xx 00 eng d | ||
| 020 | _a0-439-93254-8 | ||
| 050 |
_aTR(PS E _bGo56 2007 |
||
| 245 | _aGoing to the Dentist. | ||
| 260 |
_aNew York : _bScholastic, _c2007. |
||
| 440 | _aUsborne first experiences | ||
| 999 |
_c101995 _d101995 |
||